00393 2200157 4500001002100000008004100021035002000062245003200082100001500114260002800129300002200157020002200179084001400201082000800215990001200223INLIS000000000002821 IND  a0010-0925000168 aArti KehilangancAde Rahayu aAde Rahayu aJakartabEuthaniac2015 a152c(13 x 19 cm) a978-602-1310-60-1 a813 ADE a a813 a0755043